00464nam a2200145Ia 450000500170000000800410001708200150005824501160007325000090018926000490019830000180024765000110026565000130027670000290028920240521050820.0240331s9999 xx 000 0 und d bCAPa338.1 0aCapital and peasant productionbStudies in the continuity and discontinuity of agrarian structures in Sri Lanka a1 St aColombobSocial Scientists Associationc1985 axiv, 230 p ., aSocial aEconomic aAbeysekera, Charleseedt